| 000 | 00963nas a2200301 4500 | ||
|---|---|---|---|
| 001 | BR2012008869 | ||
| 003 | BR-BrBNA | ||
| 005 | 20231205121520.0 | ||
| 007 | ta | ||
| 008 | 230509b bl.|||p| |||| 00| 00por d | ||
| 040 |
_aBR-BrBNA _bpor _cBiblioteca Nacional de Agricultura |
||
| 041 | _a(Pt) | ||
| 072 | _aL40 | ||
| 100 | 1 | _aFernandez, D.S. | |
| 100 | 1 | _aFerraz, R.H.S. | |
| 100 | 1 | _aMelo, A.P.F. | |
| 100 | 1 | _aRodrigues, R.F. | |
| 100 | 1 | _aSouza, W.M. | |
| 245 | 1 | _aAnálise histológica das glândulas uretrais de capivara (Hydrochoerus hydrochaeris) | |
| 246 | 1 | _aHistological analysis of uretral glands of the capybara (Hydrochoerus hydrochaeris) | |
| 650 | _aCAPIVARA | ||
| 650 | _aHISTOLOGIA ANIMAL | ||
| 650 | _aGLÂNDULA | ||
| 650 | _aURETRA | ||
| 773 | 0 |
_tPesquisa Veterinária Brasileira (Brazil) _xISSN 0100-736X _g(Apr 2010), v. 30(4) p. 373-377 _wBR2012008869 |
|
| 909 |
_a202311 _bLúcia _c55 _dLúcia Elande |
||
| 942 |
_2AGRIS _n0 _cANA |
||
| 999 |
_c223915 _d223915 |
||